LEADER 01243nam a2200205 i 4500 001 000000235049 003 CaOOAMICUS 005 20230331124605.0 008 141028s1836 it u000 u ita u 040 $aSeMil$bita 100 1 $aPacca, Bartolomeo,$c.$0(OLS)http://semarc/name/3629 245 10$aMemorie storiche di monsignor Bartolomeo Pacca ora cardinale di S. Chiesa sul di lui soggiorno in Germania dall'anno 1786 al 1794 in qualità di Nunzio Apostolico al tratto del Reno dimorante in Colonia ; con un'appendice su i Nunzj. 260 $aModena :$bPer G. Vincenzi e Comp.,$c1836. 300 $aXV, 348 p. ;$c20 cm. 650 4$aPacca, Bartolomeo - Diari e memorie.$0(OLS)http://semarc/subject/1113 850 $aSeMil 852 $aSeMil$W1$xVenegono$y1$m3B II 119 FA$j185395$B185395$CSeMilBibl$Z2$F196269 $8I 996 $6245$aMemorie storiche di monsignor Bartolomeo Pacca ora cardinale di S. Chiesa sul di lui soggiorno in Germania dall'anno 1786 al 1794 in qualità di Nunzio Apostolico al tratto del Reno dimorante in Colonia ; con un'appendice su i Nunzj$9(OLS)http://semarc/title/335231 996 $6260$aModena :$bPer G. Vincenzi e Comp.$9(OLS)http://semarc/publisher/34193 LEADER 01397nam a2200277 i 4500 001 000000090308 003 CaOOAMICUS 005 20240418141104.0 008 160212s1687 it u000 u ita u 026 $eo-ve 2.u- rehe Cute (3) 1688 (R) 040 $aSeMil$bita 245 00$aVita, e ratti di Santa Maria Maddalena de' Pazzi nobile fiorentina monaca nel monastero di S. Maria degl'Angeli. 250 $aDi nuouo ristampata 264 1$aIn Venetia :$bAppresso Pietr'Antonio Brigonci,$c1688. 300 $a4 pt. ([8], 7, [1], 307, [3], 193, [1], 340, 286 [i. e. 282], [2] p.) ;$c4º. 500 $aOmesse nella numerazione le p. 53-56 della 4. parte 500 $aSegn.: *? A-3R? ²A-4I? §-2§? 500 $aFregi, iniz. xilogr. 500 $aCiascuna parte inizia con proprio occhietto 600 04$aMaria Maddalena : de' Pazzi .$0(OLS)http://semarc/subject/4754 700 1 $aBrigonci, Giovanni Pietro,$c.$0(OLS)http://semarc/name/40587 850 $aSeMil 852 $aSeMil$W1$xVenegono$y1$m3J V 25 FA$j53276$B53276$CSeMilBibl$Z2$F57909 $8I 996 $6245$aVita, e ratti di Santa Maria Maddalena de' Pazzi nobile fiorentina monaca nel monastero di S. Maria degl'Angeli$9(OLS)http://semarc/title/136234 996 $6264$aIn Venetia :$bAppresso Pietr'Antonio Brigonci$9(OLS)http://semarc/publisher/43567